000 00451nam a2200181Ia 4500
001 1821
005 20260306143756.0
008 260306t2013||||xx |||||||||||||| ||spa||
041 _aESP
082 _a155.5
_bR82
100 _aRon, Rodrigo
_eAUT
245 0 _aNiños, adolescentes y redes sociales. ¿Conectados o atrapados?
260 _c2013
300 _a158 páginas :
_c24 cm.
650 _aGEN
654 _aCPS
942 _cLIB
_dJUS
_fJUS
_2ddc
_n
999 _c1821
_d1821